000 00249nam a2200097Ia 4500
001 641846
005 20250826153515.0
008 250824s9999 xx 000 0 und d
245 0 _aDOĞANIN BİR YILI ŞUBAT
_cRUTH SYMONS
260 _bTÜBİTAK YAYINLARI
999 _c641846
_d641846